000 00775nam0a22002531 4500
001 rc\3053765
005 20250806202012.0
035 _a(NLR Aleph) 007193063
090 _a46829
_c46829
100 _a20111011d1945 u y0rusy50 ca
101 0 _arus
102 _aRU
105 _ay z |||||
200 1 _aПоложение о выборах в Верховный Совет СССР
210 _aНальчик
_cКабгосиздат
_d1945
215 _a31 с.
_d15 см
710 0 1 _aСССР
_bВерховный Совет
_3RU\NLR\AUTH\8817309
801 0 _aRU
_bNLR
_gpsbo
801 1 _aRU
_bELAR
_2rusmarc
852 _aNLR
_jП20 Г-2/74
942 _cBOOK
945 _aРоссийская национальная библиотека
980 _aNB
980 _aBV